| 000 | 00000nam 2200000zi 4500 |
| 001 | 9.947143 |
| 003 | CaOODSP |
| 005 | 20250121091710 |
| 006 | m o d f |
| 007 | cr bn||||||||| |
| 008 | 250120m19962002oncabd obfu f000 0 eng d |
| 020 | |z066016275X |
| 040 | |aCaOODSP|beng|erda|cCaOODSP |
| 043 | |an-cn--- |
| 086 | 1 |aNR36-1/1995-4E-PDF |
| 086 | 1 |aNR36-1/1995-4-2E-PDF |
| 245 | 00|aUser's Guide - NBC 1995 : |bStructural commentaries (Part 4) / |cissued by the Canadian Commission on Building and Fire Codes. |
| 246 | 13|aUser's guide - National Building Code of Canada 1995 : |bStructural commentaries (Part 4) |
| 246 | 13|aUser's Guide - NBC 1995 : |bStructural commentaries (Part 4) : second revisions |
| 250 | |aFirst edition, third printing includes first errata of July 1996 and second revisions of April 2002. |
| 264 | 1|aOttawa : |bNational Research Council of Canada, |c1996-2002. |
| 264 | 4|c©1996 |
| 300 | |a1 online resource (vi, 135 pages) : |billustrations, maps, graphs + |e1 revision (various pagings) |
| 336 | |atext|btxt|2rdacontent |
| 337 | |acomputer|bc|2rdamedia |
| 338 | |aonline resource|bcr|2rdacarrier |
| 500 | |aCover title. |
| 500 | |aThe ISBN (066016275X) for the print edition has been copied in this electronic publication. |
| 500 | |aIssued also in French under title: Guide de l'utilisateur - CNB 1995 : Commentaires sur le calcul des structures (partie 4). |
| 504 | |aIncludes bibliographical references. |
| 520 | |a"The purpose of these Commentaries is to make available to the designer detailed design information which will assist in the use of the National Building Code. The Commentaries are provided as background information and in some cases, as suggested approaches to certain design questions, but not as mandatory requirements"--Introduction, page v. |
| 650 | 0|aBuilding laws|zCanada. |
| 650 | 0|aBuildings|xStandards|zCanada. |
| 650 | 0|aStructural design|vHandbooks, manuals, etc. |
| 655 | 7|aHandbooks and manuals|2lcgft |
| 710 | 2 |aCanadian Commission on Building and Fire Codes, |eissuing body. |
| 775 | 08|tGuide de l'utilisateur - CNB 1995 : |w(CaOODSP)9.947147 |
| 856 | 40|qPDF|s1.49 MB|uhttps://publications.gc.ca/collections/collection_2025/cnrc-nrc/NR36-1-1995-4-eng.pdf|zUser's Guide |
| 856 | 40|qPDF|s383 KB|uhttps://publications.gc.ca/collections/collection_2025/cnrc-nrc/NR36-1-1995-4-2-eng.pdf|zRevisions (April 2002) |
| 986 | |a38826 |